00783nam a2200193 i 4500001000700000003000900007005001700016007000300033008004100036100003700077245014400114260004800258300003500306650004400341700004100385852002200426999001900448952012200467122392ES-MaACL20250902065116.0t|070214s1971 sp a |||| | spa d1 aPoyal Costa, José Luis.99351214aLas nuevas técnicas de organización en la empresa periodística /cJosé Luis Poyal Costa ; prólogo de Alejandro Fernández Sordo. aOviedo : b[s.n.], c1971 (fGráf. Summa) aXII, 108 p. : bil. ; c22 cm. 7aEmpresas periodísticas2embne91662171 aFernández Sordo, Alejandro.950105 aES-MaACLjC-46398 c122392d122392 00104070aATENEOMbATENEOMcDEPO2d2008-01-17eSCl0oC-46398p1127538r2023-02-23 00:00:00w2023-02-23yMONOGRAFIA